Регионална библиотека "Любен Каравелов" - Русе

Xerxes (Запис номер 296930)

MARC детайли
000 -Лидер
Контролно поле с фиксирана дължина 01132ncm a2200325 c 4500
003 - Код на организацията, давaща контролен номер
Контролно поле BLK
005 - Дата и час на последна редакция
Контролно поле 20241005005459.0
008 - Елементи от данни с фиксирана дължина
fixed length control field 180414b bul |a|er|||| |0| c|bulo|
010 ## - Наследен системен номер
LC control number NOT00000280000
040 ## - Източник на каталожния запис
Идентификатор на билиотеката - собственик на записа BLK
041 ## - Код за език
Код за езика на текст/звукозапис или на отделно заглавие Немски
Код за езика КДБФ Немски
080 ## - УДК
Текстов определител УДК Театрална музика. Опера. Оперета. Балет
УДК код - определител по УДК 782
УДК определител
УДК - код + определител 782
100 ## - Редна дума - Автор
Автор Хендел, Георг Фридрих
Дати, свързани с автора 1685 - 1759
R(LIN) 387450
139 ## - Редно поле
Редна дума Хендел, Георг Фридрих
Авторски знак Хен - Х 42
245 10 - Сведения за заглавието
Заглавие Xerxes
Подзаглавни данни Oper in drei Akten
Редно поле (дума) Георг Фридрих Хендел; * Georg Friedrich Handel.
246 11 - Различни форми на заглавието
Паралелно заглавие Serse = Ксеркс = Ксеркс
Подзаглавни данни Оpera in tree atti = Опера в 3 д.
254 ## - Сведения за формата на нотното издание
Формат на описваните ноти Орк. партитура
257 ## - Страна на издаване
Страна на създаване/издаване Германия
260 ## - Област на издателските данни
-- Leipzig
Име на издателя, разпространителя и проч. DVFM 4010
Година на издаване S. a.
300 ## - Физическа характеристика
Страници 179 с.
Размери/Мащаб 33 см
380 ## - Жанр
Жанр Изкуство
500 ## - Общи забележки
Забележка Текст на нем. и итал. ез.
700 1# - Други автори (авторска отговорност)
Лично име Handel, Georg Friedrich
Автороска отговорност (Описва отношението между автора и произведението) *
9 (RLIN) 12313
852 ## - Местоположение
Форматна сигнатура Цб М ІІ 2808
Част 0
856 4# - Електронен адрес и достъп
Електронен формат pdf - файл
Път до файла /url/
856 4# - Електронен адрес и достъп
Електронен формат pdf - файл
Път до файла /url/
942 ## - АРТИКУЛИ
Вид на библиотечния материал Нотни издания
Скрит в OPAC Не
944 ## - СЪЗДАВАНЕ И РЕДАКЦИЯ на ЗАПИСА
Създаване/Редакция Създаване
Дата на регистрацията/редакция 14.11.2003
Служител, извършил регистрацията/редакцията
Статус, дата на статуса CRON CRON
944 ## - СЪЗДАВАНЕ И РЕДАКЦИЯ на ЗАПИСА
Създаване/Редакция Редакция
Дата на регистрацията/редакция 23.11.2004
Служител, извършил регистрацията/редакцията
999 ## - СИСТЕМНИ КОНТРОЛНИ НОМЕРА
Koha biblionumber 296930
Koha biblioitemnumber 296930
Наличности
Код за отписване Код за изгубен артикул Източник на класификационната схема Код за повреда Коз за рестрикции Код за отдаване Артикулен № Име на библиотеката - собственик Име на библиотеката, в която се намира в момента Статус (Текущо местоположение) Дата на вписване в системата Местоположение - отдел Цена в лева Инвентарен номер Систематично азбучна сигнатура Баркод Номер на екземпляра Цена в евро Служебна бележка Служебен тип на артикула
  Не е изгубен Universal Decimal Classification Не е повреден само за читалня ползва се в читалня 647370 Регионална библиотека "Любен Каравелов" Русе Регионална библиотека "Любен Каравелов" Русе Основен фонд - ползва се само за читалня 1964-01-01 Хранилище 5.33 3391/64 Цб М II 2808 900000104523 1 2.73 N: стар фонд Дата: 01.01.1964 Нотни издания
Vip Innovations Ltd, Rousse, Bulgaria 2025